|
|
|
|
| LEADER |
00000nam0a2200000 4500 |
| 001 |
178089 |
| 005 |
20231101223401.0 |
| 035 |
|
|
|a (RuTPU)RU\TPU\book\193073
|
| 090 |
|
|
|a 178089
|
| 100 |
|
|
|a 20100402d1985 m y0rusy50 ca
|
| 101 |
0 |
|
|a rus
|
| 102 |
|
|
|a RU
|
| 105 |
|
|
|a a z 000zy
|
| 200 |
1 |
|
|a Подвигу 40 лет
|e альбом
|f сост. Э. Н. Пугачева ; авт. предисл. К. С. Москаленко
|
| 210 |
|
|
|a Москва
|c Советский художник
|d 1985
|
| 215 |
|
|
|a 275 с.
|c ил.
|
| 300 |
|
|
|a В суперобложке
|
| 317 |
|
|
|5 63413507: КР-2203
|a Поступила в НТБ в 2017 г. в составе книжного собрания ректора ТПИ И. П. Чучалина
|
| 606 |
1 |
|
|a Искусство
|2 stltpush
|3 (RuTPU)RU\TPU\subj\13187
|9 39838
|
| 606 |
1 |
|
|a Великая Отечественная война 1941-1945
|2 stltpush
|3 (RuTPU)RU\TPU\subj\66603
|9 82654
|
| 610 |
1 |
|
|a скульптура
|
| 610 |
1 |
|
|a графика
|
| 610 |
1 |
|
|a плакаты
|
| 610 |
1 |
|
|a история
|
| 610 |
1 |
|
|a СССР
|
| 610 |
1 |
|
|a альбомы
|
| 610 |
1 |
|
|a коллекция И. П. Чучалина
|
| 610 |
1 |
|
|a дары библиотеке
|
| 675 |
|
|
|a 7(084)
|v 3
|
| 686 |
|
|
|a Т3(2)622
|2 rubbk
|
| 702 |
|
1 |
|a Пугачева
|b Э. Н.
|g Эмма Николаевна
|4 220
|
| 702 |
|
1 |
|a Москаленко
|b К. С.
|g Кирилл Семенович
|4 080
|
| 801 |
|
1 |
|a RU
|b 63413507
|c 20100402
|
| 801 |
|
2 |
|a RU
|b 63413507
|c 20190123
|g RCR
|
| 942 |
|
|
|c BK
|